|
|
|
|
| LEADER |
00000nam a2200000 a 4500 |
| 001 |
vtls001223840 |
| 003 |
SK-MaSNL |
| 005 |
20260301003231.0 |
| 008 |
240313s1997 xo 0 und |
| 035 |
|
|
|a SNK000170075
|
| 040 |
|
|
|a SNK
|b slo
|c SNK
|e AACR2
|
| 044 |
|
|
|a xo
|c SK
|
| 100 |
1 |
|
|a Hlasta, Dennis
|4 aut
|9 284187
|
| 245 |
1 |
|
|a Inhibítory proteolytických enzýmov na báze sacharínových derivátov.C 07D 275/06
|
| 260 |
|
|
|a Banská Bystrica
|b Úrad priemyselného vlastníctva SR
|c 1997
|
| 300 |
|
|
|a 14 s.
|
| 999 |
|
|
|c 539021
|d 540951
|
| 952 |
|
|
|t P60, <04>, [BOOK], {604}
|a SNK
|b SNK
|y VYP
|7 0
|p 17A0052433
|o snkSK 278390
|i snkPS 43/97
|0 0
|1 0
|4 0
|d 1997-03-06
|l 0
|r 2005-01-01 00:00:00
|w 2026-02-23
|